The design development of Indian architecture. (Record no. 54651)
[ view plain ]
| 000 -LEADER | |
|---|---|
| fixed length control field | 01200nam a22002417a 4500 |
| 005 - DATE AND TIME OF LATEST TRANSACTION | |
| control field | 20110802102931.0 |
| 010 ## - LCCN (DPL NO) | |
| LC control number | B-423716-717 |
| 020 ## - INTERNATIONAL STANDARD BOOK NUMBER | |
| International Standard Book Number | 9788173053801 |
| Terms of availability | 950.00 |
| 035 ## - SYSTEM CONTROL NUMBER | |
| System control number | B-423716-717 |
| 037 ## - SOURCE OF ACQUISITION | |
| Source of stock number/acquisition | Allied Publishers |
| 082 ## - DEWEY DECIMAL CLASSIFICATION NUMBER | |
| Classification number | 720.954 |
| 100 1# - MAIN ENTRY--PERSONAL NAME | |
| Personal name | Batley, Claude, |
| Dates associated with a name | 1879- [from old catalog] |
| 245 14 - TITLE STATEMENT | |
| Title | The design development of Indian architecture. |
| Statement of responsibility, etc | by Claude Batley |
| 260 ## - PUBLICATION, DISTRIBUTION, ETC. (IMPRINT) | |
| Place of publication, distribution, etc | Bombay, |
| Name of publisher, distributor, etc | Aryan Books International, |
| Date of publication, distribution, etc | 2009. |
| 300 ## - PHYSICAL DESCRIPTION | |
| Extent | xxv p. |
| Other physical details | 52 plates. |
| Dimensions | 36 cm. (Hb) |
| 650 #0 - SUBJECT ADDED ENTRY--TOPICAL TERM | |
| Topical term or geographic name as entry element | Architecture |
| Geographic subdivision | India. |
| 650 #0 - SUBJECT ADDED ENTRY--TOPICAL TERM | |
| Topical term or geographic name as entry element | Architecture |
| Form subdivision | Designs and plans. |
| 650 #0 - SUBJECT ADDED ENTRY--TOPICAL TERM | |
| Topical term or geographic name as entry element | Architecture |
| General subdivision | Details. |
| 942 ## - ADDED ENTRY ELEMENTS (KOHA) | |
| Source of classification or shelving scheme | Dewey Decimal Classification |
| Item type | English Books |
| Classification part | 720.954 |
| Call number suffix | BAT |
| Withdrawn status | Lost status | Not for loan | Collection code | Home library | Current library | Date acquired | Source of acquisition | Cost, normal purchase price | Full call number | Barcode | Copy number | Cost, replacement price | Koha item type |
|---|---|---|---|---|---|---|---|---|---|---|---|---|---|
| Non-fiction | Central Library | Central Library | 10/08/2011 | Allied Publishers/CR/0002704/17.3.11/75/4.3.11/17.3.11 | 950.00 | 720.954 BAT | B-423716 | 1 | 950.00 | English Books | |||
| Non-fiction | Sarojini Nagar | Sarojini Nagar | 10/08/2011 | Allied Publishers/CR/0002704/17.3.11/75/4.3.11/17.3.11 | 950.00 | 720.954 BAT | B-423717 | 1 | 950.00 | English Books |
